000 00679nam a2200205Ia 4500
003 GCL
008 140319s9999 xx 000 0 ara d
040 _aGCL /
_cGCL
082 0 4 _a811.094
_bا ل
100 1 _aابراهيم فهمى
_vJoint translator
_@
…ترجم مشارك
245 1 0 _aلوحات بالكلمات وحكايات شاعر مجنون /
_cابراهيم فهمى
260 _a[S.N] :
_bدار سعاد الصباح ،
_c1993
300 _a150 ص
490 _a
650 0 4 _aالشعر العربى
650 0 4 _aالعصر الحديث
650 0 4 _aدواوين وقصائد
650 0 4 _aتاريخ ونقد
942 _2ddc
_cBK
999 _c56031
_d56031